Relation between agriculture and industry, Tanzania : some quantitative aspects of the relation between agriculture and industry in economic growth illustrated through an imaginary perspective plan for Tanzania
Saved in:
| 主要作者: | |
|---|---|
| 格式: | 图书 |
| 出版: |
Morogoro :
Mzumbe University,
1978.
|
| 主题: | |
| 标签: |
添加标签
没有标签, 成为第一个标记此记录!
|
MARC
| LEADER | 00000nam a22000007a 4500 | ||
|---|---|---|---|
| 020 | |a NA | ||
| 040 | |a MUL |b eng |e AACR | ||
| 082 | |a 338.109678 SKA | ||
| 100 | |a Skarstein, Rune | ||
| 245 | |a Relation between agriculture and industry, Tanzania : |b some quantitative aspects of the relation between agriculture and industry in economic growth illustrated through an imaginary perspective plan for Tanzania |c / Rune Skarstein | ||
| 260 | |a Morogoro : |b Mzumbe University, |c 1978. | ||
| 300 | |a iv, 51 leaves ; |c 30 cm. | ||
| 546 | |a eng | ||
| 650 | |a Agriculture | ||
| 650 | |a Industry | ||
| 942 | |c BK | ||
| 999 | |c 8523 |d 8523 | ||